Teatro selecto, antiguo y moderno, nacional y extranjero (Registro nro. 115613)
[ vista simple ]
| 000 -LEADER | |
|---|---|
| campo de control de longitud fija | 01432nam a2200181 i 4500 |
| 001 - NÚMERO DE CONTROL | |
| campo de control | 115613 |
| 003 - IDENTIFICADOR DE NÚMERO DE CONTROL | |
| campo de control | ES-MaACL |
| 005 - FECHA Y HORA DE LA ÚLTIMA TRANSACCIÓN | |
| campo de control | 20230906190518.0 |
| 007 - CAMPO FIJO DE DESCRIPCIÓN FÍSICA--INFORMACIÓN GENERAL | |
| campo de control de longitud fija | t| |
| 008 - DATOS DE LONGITUD FIJA--INFORMACIÓN GENERAL | |
| campo de control de longitud fija | 070417s1868 sp ||||1| spa d |
| 245 00 - MENCIÓN DEL TÍTULO | |
| Título | Teatro selecto, antiguo y moderno, nacional y extranjero |
| Resto del título | : tomo V / |
| Mención de responsabilidad, etc. | coleccionado é ilustrado con una introducción, notas, observaciones críticas, y biografías de los principales autores por Cayetano Vidal y Valenciano. |
| 250 ## - MENCION DE EDICION | |
| Mención de edición | Ed. correcta, exornada con retratos y viñetas alusivas al texto. |
| 260 ## - PUBLICACIÓN, DISTRIBUCIÓN, ETC. | |
| Lugar de publicación, distribución, etc. | Barcelona : |
| Nombre del editor, distribuidor, etc. | Salvador Manero, |
| Fecha de publicación, distribución, etc. | 1868. |
| 300 ## - DESCRIPCIÓN FÍSICA | |
| Extensión | 1010 p. : |
| Otras características físicas | il. ; |
| Dimensiones | 28 cm. |
| 505 8# - NOTA DE CONTENIDO CON FORMATO | |
| Nota de contenido con formato | Contiene: El Cid ; Horacio ; Cinna Poliuto ; El Mentiroso / Corneille -- Andrómaca ; Británico ; Mitridates ; Ifigenia ; Fedra ; Atalía / Racine -- La Escuela de los maridos ; El Hipócrita ; El Misántropo ; El Médico á palos ; El Avaro ; El Enfermo imaginario / Molière -- El Jugador ; El Distraído ; El Heredero universal / Regnard -- Manlio / Lafosse -- Zaira ; La Muerte del César ; Merope / Voltaire -- Engañar con la verdad ; Juegos de amor y azar / Marivaux -- La Metromanía / Pirón -- El Barbero de Sevilla ; Las Bodas de Fígaro ; Otro Hipócrita, ó la Madre culpable / Beaumarchais -- Carlos IX / Chenier -- Los Templarios / Raynouard -- Abufar / Ducis -- El Opresor de su familia / Duval |
| 700 1# - ENTRADA AGREGADA--NOMBRE PERSONAL | |
| Nombre de persona | Vidal y Valenciano, Cayetano. |
| 9 (RLIN) | 114529 |
| 852 ## - LOCALIZACIÓN | |
| Ubicación | ES-MaACL |
| Número de control de estantería | F-3061 |
| Estatus retirado | Estado de pérdida | Estado de daño | No para préstamo | Colección | Biblioteca de origen | Biblioteca actual | Ubicación en estantería | Fecha de adquisición | Fuente de adquisición | Total de préstamos | Signatura topográfica completa | Código de barras | Visto por última vez | Precio de reemplazo | Tipo de ítem Koha |
|---|---|---|---|---|---|---|---|---|---|---|---|---|---|---|---|
| Libros del s. XIX | Biblioteca del Ateneo de Madrid | Biblioteca del Ateneo de Madrid | Depósito 2 | 17/01/2008 | F-3061 | 1120565 | 23/02/2023 | 23/02/2023 | Libro impreso antiguo |
